Color atlas of histology

Bibliographic Details
Main Authors: Gartner, Leslie P. , 1943- (Author), Hiatt, James L. , 1934- (Author)
Format: Book
Published: Philadelphia ; Baltimore, MD : Lippincott Williams & Wilkins , c2000
Edition:3rd ed
Subjects:

MARC

LEADER 00000cam a2200000 7i4500
001 0000006766
005 20230126093000.0
008 021119s2000
020 |a 0683306421(spiral bound) 
020 |a 0781726751(perfect bound) 
050 0 0 |a QM557   |b .G38 2000 
060 1 0 |a QS 517   |b G244c 2000 
090 0 0 |a QS 517   |b G244c 2000 
100 0 |a Gartner, Leslie P. ,   |d 1943- ,   |e author 
245 1 0 |a Color atlas of histology   |c Leslie P. Gartner, James L. Hiatt 
250 |a 3rd ed 
260 2 |a Philadelphia ;   |a Baltimore, MD :   |b Lippincott Williams & Wilkins ,   |c c2000 
300 |a xv, 444 p. :   |b col. ill. ;   |c 26 cm. 
504 |a Includes index 
650 0 |a Histology   |v Atlases 
650 1 2 |a Histology 
655 5 |a Atlases 
700 1 |a Hiatt, James L. ,   |d 1934- ,   |e author 
999 |a 1000084416   |b Book   |c Reference   |e Medical Campus